|
|
|
|
| LEADER |
00000cam a2200000 7i4500 |
| 001 |
0000003250 |
| 005 |
20050325.0 |
| 020 |
0 |
0 |
|a 9839444549
|
| 090 |
0 |
0 |
|b 551.432
|b CUL
|
| 245 |
1 |
0 |
|a Culture and science of mountains
|c Hood Salleh...[et..al]
|
| 260 |
0 |
0 |
|a Bangi, Selangor :
|b Institute for Environment and Development (LESTARI) ,
|c 2003
|
| 300 |
|
|
|a 298 p. :
|b ill. ;
|c 25 cm.
|
| 650 |
0 |
0 |
|a Mountains
|x Economic aspects
|
| 650 |
0 |
0 |
|a Mountains
|x Political aspects
|
| 650 |
0 |
0 |
|a Mountains
|x Social aspects
|
| 700 |
1 |
1 |
|a Hood Salleh..[et..al.]
|
| 999 |
|
|
|a 0000006187
|b Monograph
|c Open Shelf
|e Default branch
|
| 999 |
|
|
|a 007730
|b Monograph
|c Open Shelf
|e Default branch
|